| 000 | 01250nam a22003257a 4500 | ||
|---|---|---|---|
| 003 | CHAP | ||
| 005 | 20220329143900.0 | ||
| 008 | 120525s2012 mx a r 00010 spa d | ||
| 010 | _a103222 | ||
| 011 | _a104194 | ||
| 035 | _a114884 | ||
| 040 | _cCHAP | ||
| 090 | _aTesis | ||
| 100 | 1 |
_aOrtega Martínez, Eugenia de los Angeles. _983828 |
|
| 245 | 1 | 0 |
_aSistema de Información Digital (Rzedowski) para el conocimiento y uso de la diversidad vegetal en el estado de San Luis Potosí _c/por Eugenia de los Angeles Ortega Martínez |
| 260 |
_aSan Luis Potosí, Méx. : _bEl autor, _c2012 |
||
| 300 |
_a144 h. : _bcuadros, grás. |
||
| 502 | _aTesis (M.C. Ambietales) -- UASLP. Facultad de Ciencias Químicas, Ingeniería y Medicina | ||
| 590 |
_aALEPH _b10 _c20130110 _lUCH01 _h1544 |
||
| 590 |
_aBATCH-UPD _b10 _c20130110 _lUCH01 _h1304 |
||
| 590 |
_aBATCH-UPD _b10 _c20130410 _lUCH01 _h0820 |
||
| 590 |
_aBATCH-UPD _b10 _c20130914 _lUCH01 _h0739 |
||
| 590 |
_aCONVERSION _b10 _c20130109 _lUCH01 _h1357 |
||
| 650 | 0 | 4 |
_aBotánica _xSan Luis Potosí. _914615 |
| 650 | 0 | 4 |
_aHerbarios. _953677 |
| 650 | 0 | 4 |
_aSistemas de información. _9106760 |
| 901 | _aBK | ||
| 942 | _cTESIS | ||
| 949 |
_aTesis _bBC _cTES _d33724002058637 _eTS1 _gDonaciØn _h53404 _i114884 _sb |
||
| 999 |
_c103222 _d103222 |
||